00425nam a2200121Ia 4500008004100000082002100041100001500062245006000077260004000137365000600177630006000183730006000243100415s9999 xx 000 0 und d b12516a598.2(68) aMiller WT aBirds at Home : Camera Studies of Birds of South Africa aCAPE TOWNc1947bMASKEW MILLER LTD. b0 aBirds at Home : Camera Studies of Birds of South Africa aBirds at Home : Camera Studies of Birds of South Africa